| 000 | 00493nam a2200157 4500 | ||
|---|---|---|---|
| 001 | 120960 | ||
| 003 | ES-MaACL | ||
| 005 | 20230906191646.0 | ||
| 007 | t| | ||
| 008 | 070214s1945 sp r ||||1| spa d | ||
| 100 | 1 |
_aPompey, Francisco. _992936 |
|
| 245 | 1 | 3 |
_aEl Prado _b: guía gráfica y espiritual : con sus mejores 200 cuadros / _cFrancisco Pompey. |
| 260 |
_aMadrid : _bAfrodisio Aguado, _c1945. |
||
| 300 |
_a197 p., 1 lám. : _bil. ; _c25 cm. |
||
| 852 |
_aES-MaACL _jB-10022 _bR.21463 |
||
| 999 |
_c120960 _d120960 |
||